000
00299nam a22001337a 4500
003
SGT
082
_a
150
_b
I98S
100
_a
SCHLINGER, HENRY D.
245
_a
INTRODUCTION TO SCIENTIFIC PSYCHOLOGY
260
_a
USA
_b
SPRINGIER
_c
1998
300
_a
388
650
_a
PSYCHOLOGY
942
_2
ddc
_c
BK
999
_c
10509
_d
10509